Understanding and managing climate change: the UK experience (Record no. 74470)
[ view plain ]
| 000 -LEADER | |
|---|---|
| fixed length control field | 01493cam a2200217 4500 |
| 001 - CONTROL NUMBER | |
| control field | X126839 |
| 008 - FIXED-LENGTH DATA ELEMENTS--GENERAL INFORMATION | |
| fixed length control field | 040719n2004 000 0 eng u |
| 035 ## - SYSTEM CONTROL NUMBER | |
| System control number | (Sirsi) u126822 |
| 100 ## - MAIN ENTRY--PERSONAL NAME | |
| Personal name | Hulme, M. |
| 245 ## - TITLE STATEMENT | |
| Title | Understanding and managing climate change: the UK experience |
| 260 ## - PUBLICATION, DISTRIBUTION, ETC. | |
| Date of publication, distribution, etc. | 2004 |
| 490 ## - SERIES STATEMENT | |
| Series statement | Geographical Journal |
| Volume/sequential designation | 170(2) June 2004, 105-115(11) |
| 520 ## - SUMMARY, ETC. | |
| Summary, etc. | Climate change has emerged over the last 25 years not just as a physical reality affecting global and regional climates but also as a socio-cultural phenomenon - an icon of a globalising world which is increasingly altering the physical fabric of our planet and at the same time demanding new forms of global governance. The UK, both through its scientific research activity and through its development of climate change policy initiatives, has been at the forefront of this emergence. This review traces some of this history from a UK perspective, with an emphasis on the last 10 years. The relationship between climate change science and policy has become increasingly reflexive, leading to new forms of research and institutional structures. The academic discipline of geography has been rather marginalised from this process. [Taken from journal abstract.] |
| 650 ## - SUBJECT ADDED ENTRY--TOPICAL TERM | |
| Topical term or geographic name entry element | CLIMATE CHANGE |
| 650 ## - SUBJECT ADDED ENTRY--TOPICAL TERM | |
| Topical term or geographic name entry element | ENVIRONMENTAL POLICIES |
| 650 ## - SUBJECT ADDED ENTRY--TOPICAL TERM | |
| Topical term or geographic name entry element | ENVIRONMENTAL RESEARCH |
| 650 ## - SUBJECT ADDED ENTRY--TOPICAL TERM | |
| Topical term or geographic name entry element | GLOBAL WARMING |
| 690 ## - LOCAL SUBJECT ADDED ENTRY--TOPICAL TERM (OCLC, RLIN) | |
| Topical term or geographic name as entry element | ENVIRONMENTAL AND LAND CONSULTANCY-ENVIRONMENTAL MANAGEMENT |
| 700 ## - ADDED ENTRY--PERSONAL NAME | |
| Personal name | Turnpenny, J. |
| 942 ## - ADDED ENTRY ELEMENTS (KOHA) | |
| Suppress in OPAC | 0 |
| Withdrawn status | Lost status | Source of classification or shelving scheme | Damaged status | Not for loan | Home library | Current library | Shelving location | Date acquired | Total Checkouts | Full call number | Barcode | Date last seen | Copy number | Price effective from | Koha item type |
|---|---|---|---|---|---|---|---|---|---|---|---|---|---|---|---|
| Dewey Decimal Classification | London | London | Journal article | 19/07/2004 | X126839 | 126822-1001 | 06/08/2019 | 1 | 06/08/2019 | Journal article |